00967nam a2200229 a 450000100100000000500170001000800410002704000250006804100080009308200120010110000290011324502260014226000690036830000200043754600130045760000590047065000320052991000380056104900090059995201120060899900170072000003163820240409073643.0110628t1959 dr 000 0dspa d aDO-SdBNPbspacBNPHU07aeng aF-RD 661 aGarrido, Víctor93879410aTrujillo patron of sports :bspeech delivered by the Secretary of Education of the Dominican Republic at the formal opening of the Oriental Baseball Stadium in San Pedro de Macorís, october 24, 1959 /cVíctor Garrido. aSan Pedro de Macorís, República Dominicana :b[s.n.],c1959. a16 p. ;c16 cm. aInglés10aTrujillo Molina, Rafael Leónidas,d 1891-1961976764 4aEstadios, deportivos957942 aValidado. Control de calidad EMS. aBNPD 001050718RVaPDbPDcHDd2011-06-28iLF1l0oF-RD 66 p31638-10r2020-06-25w2020-06-25y1ZNo se presta c31130d31130